Statistics for Parishes of Antigua and Barbuda with a Map

Click here to take the quiz!

General Stats

  • This quiz has been taken 881 times
  • The average score is 6 of 8

Answers on the Map

Answers color-coded by a green-red scale on the quiz's map according to % correct below.
 

Answer Stats

Subdivision% Correct
Barbuda
95%
Saint John
86%
Saint George
75%
Saint Mary
71%
Saint Peter
67%
Saint Paul
64%
Saint Philip
62%
Redonda
44%

Score Distribution

Percentile by Number Answered

Percent of People with Each Score

Your Score History

You have not taken this quiz